000 01037cam a2200313Ia 4500
001 tec011941807
003 MX-MoT
008 081110s2006 sp b 000 0 spa d
020 _a842342393X
020 _a8423423883
040 _aI8M
_bspa
_cI8M
050 4 _aHD66
_b.B5318 2006
082 _a658.312 8 B639t 2006
100 1 _aBlanchard, Kenneth H.
_99158
245 1 0 _aTrabajo en equipo :
_bgo team! : tres pasos para conseguir grandes resultados /
_cKen Blanchard, Alan Randolph, Peter Grazier ; traducción, Marcè Molist.
260 _aBarcelona :
260 _bDeusto,
_cc2006.
300 _a170 p. ;
_c24 cm.
490 0 _aLíderes del management. Recursos humanos.
504 _aIncluye referencias bibliográficas
650 0 _aTeams in the workplace.
_932959
650 4 _aEquipos en el lugar de trabajo.
_932960
700 1 _aRandolph, W. Alan.
_932961
700 1 _aGrazier, Peter,
_d1946-
_932962
700 1 _aMolist, Marcè,
_etr.
_932963
907 _b11941807
942 _2ddc
_cLIBRO
980 _aOCLC
999 _c18194
_d18194